<?xml version="1.0" encoding="UTF-8"?>
<record
    xmlns:xsi="http://www.w3.org/2001/XMLSchema-instance"
    xsi:schemaLocation="http://www.loc.gov/MARC21/slim http://www.loc.gov/standards/marcxml/schema/MARC21slim.xsd"
    xmlns="http://www.loc.gov/MARC21/slim">

  <leader>03464cam a2200433 a 4500</leader>
  <controlfield tag="005">19970702131709.4</controlfield>
  <controlfield tag="008">961106s1997    nyu           001 0 eng  </controlfield>
  <datafield tag="010" ind1=" " ind2=" ">
    <subfield code="a">B-362853-858</subfield>
  </datafield>
  <datafield tag="020" ind1=" " ind2=" ">
    <subfield code="a">9788129114440</subfield>
    <subfield code="c">195.00</subfield>
  </datafield>
  <datafield tag="035" ind1=" " ind2=" ">
    <subfield code="a">B-362853-858</subfield>
  </datafield>
  <datafield tag="035" ind1=" " ind2=" ">
    <subfield code="a">B-365304-309</subfield>
  </datafield>
  <datafield tag="037" ind1=" " ind2=" ">
    <subfield code="b">UBH</subfield>
  </datafield>
  <datafield tag="040" ind1=" " ind2=" ">
    <subfield code="a">dpl</subfield>
    <subfield code="b">English</subfield>
  </datafield>
  <datafield tag="082" ind1=" " ind2=" ">
    <subfield code="a">133.9</subfield>
  </datafield>
  <datafield tag="100" ind1=" " ind2=" ">
    <subfield code="a">Tompkins, Peter</subfield>
  </datafield>
  <datafield tag="245" ind1=" " ind2=" ">
    <subfield code="a">The secret life of nature :</subfield>
    <subfield code="b">living in harmony with the hidden world of nature spirits from fairies to quarks /</subfield>
    <subfield code="c">by Peter Tompkins</subfield>
  </datafield>
  <datafield tag="260" ind1=" " ind2=" ">
    <subfield code="a">New Delhi</subfield>
    <subfield code="b">Rupa &amp; Co.</subfield>
    <subfield code="c">2009</subfield>
  </datafield>
  <datafield tag="270" ind1=" " ind2=" ">
    <subfield code="a">7/16, Ansari Road, Daryaganj</subfield>
    <subfield code="b">New Delhi</subfield>
    <subfield code="e">110002</subfield>
  </datafield>
  <datafield tag="300" ind1=" " ind2=" ">
    <subfield code="a">xii, 228 p. </subfield>
    <subfield code="c">22 cm.(pbk)</subfield>
  </datafield>
  <datafield tag="500" ind1=" " ind2=" ">
    <subfield code="a">Includes index</subfield>
  </datafield>
  <datafield tag="650" ind1=" " ind2=" ">
    <subfield code="a">Spirits.</subfield>
  </datafield>
  <datafield tag="650" ind1=" " ind2=" ">
    <subfield code="a">Fairies.</subfield>
  </datafield>
  <datafield tag="650" ind1=" " ind2=" ">
    <subfield code="a">Nature</subfield>
    <subfield code="x">Miscellanea.</subfield>
  </datafield>
  <datafield tag="942" ind1=" " ind2=" ">
    <subfield code="2">ddc</subfield>
    <subfield code="c">EN</subfield>
    <subfield code="m">TOM</subfield>
    <subfield code="h">133.9</subfield>
  </datafield>
  <datafield tag="999" ind1=" " ind2=" ">
    <subfield code="c">29590</subfield>
    <subfield code="d">29590</subfield>
  </datafield>
  <datafield tag="952" ind1=" " ind2=" ">
    <subfield code="0">0</subfield>
    <subfield code="1">0</subfield>
    <subfield code="2">ddc</subfield>
    <subfield code="4">0</subfield>
    <subfield code="7">0</subfield>
    <subfield code="8">NFIC</subfield>
    <subfield code="a">L</subfield>
    <subfield code="b">L</subfield>
    <subfield code="d">2010-01-19</subfield>
    <subfield code="e">UBH/145/5.11.09/149/16.10.09/5.11.09</subfield>
    <subfield code="g">195.00</subfield>
    <subfield code="l">5</subfield>
    <subfield code="m">3</subfield>
    <subfield code="o">133.9 TOM</subfield>
    <subfield code="p">B-362853</subfield>
    <subfield code="r">2023-12-02 00:00:00</subfield>
    <subfield code="s">2023-11-18</subfield>
    <subfield code="t">1</subfield>
    <subfield code="v">195.00</subfield>
    <subfield code="w">2010-01-19</subfield>
    <subfield code="y">EN</subfield>
  </datafield>
  <datafield tag="952" ind1=" " ind2=" ">
    <subfield code="0">0</subfield>
    <subfield code="1">0</subfield>
    <subfield code="2">ddc</subfield>
    <subfield code="4">0</subfield>
    <subfield code="7">0</subfield>
    <subfield code="8">NFIC</subfield>
    <subfield code="a">BL1</subfield>
    <subfield code="b">BL1</subfield>
    <subfield code="d">2010-01-19</subfield>
    <subfield code="e">UBH/145/5.11.09/149/16.10.09/5.11.09</subfield>
    <subfield code="g">195.00</subfield>
    <subfield code="l">0</subfield>
    <subfield code="o">133.9 TOM</subfield>
    <subfield code="p">B-362854</subfield>
    <subfield code="r">2010-01-19 00:00:00</subfield>
    <subfield code="t">1</subfield>
    <subfield code="v">195.00</subfield>
    <subfield code="w">2010-01-19</subfield>
    <subfield code="y">EN</subfield>
  </datafield>
  <datafield tag="952" ind1=" " ind2=" ">
    <subfield code="0">0</subfield>
    <subfield code="1">0</subfield>
    <subfield code="2">ddc</subfield>
    <subfield code="4">0</subfield>
    <subfield code="7">0</subfield>
    <subfield code="8">NFIC</subfield>
    <subfield code="a">JP</subfield>
    <subfield code="b">JP</subfield>
    <subfield code="d">2010-01-19</subfield>
    <subfield code="e">UBH/145/5.11.09/149/16.10.09/5.11.09</subfield>
    <subfield code="g">195.00</subfield>
    <subfield code="l">14</subfield>
    <subfield code="m">1</subfield>
    <subfield code="o">133.9 TOM</subfield>
    <subfield code="p">B-362855</subfield>
    <subfield code="r">2022-02-04 00:00:00</subfield>
    <subfield code="s">2022-01-24</subfield>
    <subfield code="t">1</subfield>
    <subfield code="v">195.00</subfield>
    <subfield code="w">2010-01-19</subfield>
    <subfield code="y">EN</subfield>
  </datafield>
  <datafield tag="952" ind1=" " ind2=" ">
    <subfield code="0">0</subfield>
    <subfield code="1">0</subfield>
    <subfield code="2">ddc</subfield>
    <subfield code="4">0</subfield>
    <subfield code="7">0</subfield>
    <subfield code="8">NFIC</subfield>
    <subfield code="a">ZLS</subfield>
    <subfield code="b">ZLS</subfield>
    <subfield code="d">2010-01-19</subfield>
    <subfield code="e">UBH/145/5.11.09/149/16.10.09/5.11.09</subfield>
    <subfield code="g">195.00</subfield>
    <subfield code="l">0</subfield>
    <subfield code="o">133.9 TOM</subfield>
    <subfield code="p">B-362856</subfield>
    <subfield code="r">2010-01-19 00:00:00</subfield>
    <subfield code="t">1</subfield>
    <subfield code="v">195.00</subfield>
    <subfield code="w">2010-01-19</subfield>
    <subfield code="y">EN</subfield>
  </datafield>
  <datafield tag="952" ind1=" " ind2=" ">
    <subfield code="0">0</subfield>
    <subfield code="1">0</subfield>
    <subfield code="2">ddc</subfield>
    <subfield code="4">0</subfield>
    <subfield code="7">0</subfield>
    <subfield code="8">NFIC</subfield>
    <subfield code="a">BN</subfield>
    <subfield code="b">BN</subfield>
    <subfield code="d">2010-01-19</subfield>
    <subfield code="e">UBH/145/5.11.09/149/16.10.09/5.11.09</subfield>
    <subfield code="g">195.00</subfield>
    <subfield code="l">1</subfield>
    <subfield code="o">133.9 TOM</subfield>
    <subfield code="p">B-362857</subfield>
    <subfield code="r">2025-09-10 00:00:00</subfield>
    <subfield code="s">2025-09-04</subfield>
    <subfield code="t">1</subfield>
    <subfield code="v">195.00</subfield>
    <subfield code="w">2010-01-19</subfield>
    <subfield code="y">EN</subfield>
  </datafield>
  <datafield tag="952" ind1=" " ind2=" ">
    <subfield code="0">0</subfield>
    <subfield code="1">0</subfield>
    <subfield code="2">ddc</subfield>
    <subfield code="4">0</subfield>
    <subfield code="7">0</subfield>
    <subfield code="8">NFIC</subfield>
    <subfield code="a">BL4</subfield>
    <subfield code="b">BL4</subfield>
    <subfield code="d">2010-01-19</subfield>
    <subfield code="e">UBH/145/5.11.09/149/16.10.09/5.11.09</subfield>
    <subfield code="g">195.00</subfield>
    <subfield code="l">4</subfield>
    <subfield code="m">3</subfield>
    <subfield code="o">133.9 TOM</subfield>
    <subfield code="p">B-362858</subfield>
    <subfield code="r">2025-06-14 00:00:00</subfield>
    <subfield code="s">2025-05-29</subfield>
    <subfield code="t">1</subfield>
    <subfield code="v">195.00</subfield>
    <subfield code="w">2010-01-19</subfield>
    <subfield code="y">EN</subfield>
  </datafield>
  <datafield tag="952" ind1=" " ind2=" ">
    <subfield code="0">0</subfield>
    <subfield code="1">0</subfield>
    <subfield code="2">ddc</subfield>
    <subfield code="4">0</subfield>
    <subfield code="7">0</subfield>
    <subfield code="a">VP</subfield>
    <subfield code="b">VP</subfield>
    <subfield code="d">2010-03-04</subfield>
    <subfield code="e">UBH/150/9.11.09/149/16.10.09/12.11.09</subfield>
    <subfield code="g">195.00</subfield>
    <subfield code="l">5</subfield>
    <subfield code="m">1</subfield>
    <subfield code="o">133.9 TOM</subfield>
    <subfield code="p">B-365304</subfield>
    <subfield code="r">2019-04-10 00:00:00</subfield>
    <subfield code="s">2019-04-03</subfield>
    <subfield code="t">1</subfield>
    <subfield code="v">195.00</subfield>
    <subfield code="w">2010-03-04</subfield>
    <subfield code="y">EN</subfield>
  </datafield>
  <datafield tag="952" ind1=" " ind2=" ">
    <subfield code="0">0</subfield>
    <subfield code="1">0</subfield>
    <subfield code="2">ddc</subfield>
    <subfield code="4">0</subfield>
    <subfield code="7">0</subfield>
    <subfield code="a">YV</subfield>
    <subfield code="b">YV</subfield>
    <subfield code="d">2010-03-04</subfield>
    <subfield code="e">UBH/150/9.11.09/149/16.10.09/12.11.09</subfield>
    <subfield code="g">195.00</subfield>
    <subfield code="l">0</subfield>
    <subfield code="o">133.9 TOM</subfield>
    <subfield code="p">B-365305</subfield>
    <subfield code="r">2010-03-04 00:00:00</subfield>
    <subfield code="t">1</subfield>
    <subfield code="v">195.00</subfield>
    <subfield code="w">2010-03-04</subfield>
    <subfield code="y">EN</subfield>
  </datafield>
  <datafield tag="952" ind1=" " ind2=" ">
    <subfield code="0">0</subfield>
    <subfield code="1">0</subfield>
    <subfield code="2">ddc</subfield>
    <subfield code="4">0</subfield>
    <subfield code="7">0</subfield>
    <subfield code="a">VV</subfield>
    <subfield code="b">VV</subfield>
    <subfield code="d">2010-03-04</subfield>
    <subfield code="e">UBH/150/9.11.09/149/16.10.09/12.11.09</subfield>
    <subfield code="g">195.00</subfield>
    <subfield code="l">0</subfield>
    <subfield code="o">133.9 TOM</subfield>
    <subfield code="p">B-365306</subfield>
    <subfield code="r">2010-03-04 00:00:00</subfield>
    <subfield code="t">1</subfield>
    <subfield code="v">195.00</subfield>
    <subfield code="w">2010-03-04</subfield>
    <subfield code="y">EN</subfield>
  </datafield>
  <datafield tag="952" ind1=" " ind2=" ">
    <subfield code="0">0</subfield>
    <subfield code="1">0</subfield>
    <subfield code="2">ddc</subfield>
    <subfield code="4">0</subfield>
    <subfield code="7">0</subfield>
    <subfield code="a">JE</subfield>
    <subfield code="b">JE</subfield>
    <subfield code="d">2010-03-04</subfield>
    <subfield code="e">UBH/150/9.11.09/149/16.10.09/12.11.09</subfield>
    <subfield code="g">195.00</subfield>
    <subfield code="l">0</subfield>
    <subfield code="o">133.9 TOM</subfield>
    <subfield code="p">B-365307</subfield>
    <subfield code="r">2010-03-04 00:00:00</subfield>
    <subfield code="t">1</subfield>
    <subfield code="v">195.00</subfield>
    <subfield code="w">2010-03-04</subfield>
    <subfield code="y">EN</subfield>
  </datafield>
  <datafield tag="952" ind1=" " ind2=" ">
    <subfield code="0">4</subfield>
    <subfield code="1">0</subfield>
    <subfield code="2">ddc</subfield>
    <subfield code="4">0</subfield>
    <subfield code="7">0</subfield>
    <subfield code="a">RC4</subfield>
    <subfield code="b">RC4</subfield>
    <subfield code="d">2010-03-04</subfield>
    <subfield code="e">UBH/150/9.11.09/149/16.10.09/12.11.09</subfield>
    <subfield code="g">195.00</subfield>
    <subfield code="l">0</subfield>
    <subfield code="o">133.9 TOM</subfield>
    <subfield code="p">B-365308</subfield>
    <subfield code="r">2010-03-04 00:00:00</subfield>
    <subfield code="t">2</subfield>
    <subfield code="v">195.00</subfield>
    <subfield code="w">2010-03-04</subfield>
    <subfield code="y">EN</subfield>
    <subfield code="z">Written off vide C-30021/05/2022/Estt./110
dt.07.11.22   
</subfield>
  </datafield>
  <datafield tag="952" ind1=" " ind2=" ">
    <subfield code="0">4</subfield>
    <subfield code="1">0</subfield>
    <subfield code="2">ddc</subfield>
    <subfield code="4">0</subfield>
    <subfield code="7">0</subfield>
    <subfield code="a">RC4</subfield>
    <subfield code="b">RC4</subfield>
    <subfield code="d">2010-03-04</subfield>
    <subfield code="e">UBH/150/9.11.09/149/16.10.09/12.11.09</subfield>
    <subfield code="g">195.00</subfield>
    <subfield code="l">0</subfield>
    <subfield code="o">133.9 TOM</subfield>
    <subfield code="p">B-365309</subfield>
    <subfield code="r">2010-03-04 00:00:00</subfield>
    <subfield code="t">2</subfield>
    <subfield code="v">195.00</subfield>
    <subfield code="w">2010-03-04</subfield>
    <subfield code="y">EN</subfield>
    <subfield code="z">Written off vide C-30021/05/2022/Estt./110
dt.07.11.22   
</subfield>
  </datafield>
</record>
